header

Special effects game programming with DirectX (Record no. 48672)

MARC details
000 -LEADER
fixed length control field 01236nam a2200325Ia 4500
082 04 - DEWEY DECIMAL CLASSIFICATION NUMBER
Classification number 794.8/167768
100 1# - MAIN ENTRY--AUTHOR NAME
Personal name McCuskey, Mason.
245 10 - TITLE STATEMENT
Title Special effects game programming with DirectX
260 ## - PUBLICATION, DISTRIBUTION, ETC. (IMPRINT)
Place of publication [Indianapolis, IN?] :
Name of publisher Premier Press,
Year of publication c2002.
300 ## - PHYSICAL DESCRIPTION
Number of Pages xliv, 913 p. :
Other physical details ill.
490 1# - SERIES STATEMENT
Series statement The Premier Press game development series
500 ## - GENERAL NOTE
General note Includes index.
650 #0 - SUBJECT ADDED ENTRY--TOPICAL TERM
Topical Term Computer games
856 40 - ELECTRONIC LOCATION AND ACCESS
Uniform Resource Identifier http://site.ebrary.com/lib/rucke/Doc?id=10066761

No items available.

© 2026 Rongo University
Contact us: librarian | system librarian | Rongo university